S. Chand's Lakhmir Singh's Biology; (Record no. 207269)
[ view plain ]
| 000 -LEADER | |
|---|---|
| fixed length control field | 00644 a2200205 4500 |
| 005 - DATE AND TIME OF LATEST TRANSACTION | |
| control field | 20241202105348.0 |
| 010 ## - LCCN (DPL NO) | |
| LC control number | B-761301 |
| 020 ## - INTERNATIONAL STANDARD BOOK NUMBER | |
| International Standard Book Number | 9789364683135 |
| Terms of availability | 680.00 |
| 035 ## - SYSTEM CONTROL NUMBER | |
| System control number | B-761301 |
| 037 ## - SOURCE OF ACQUISITION | |
| Source of stock number/acquisition | Gift/28.11.24 |
| 082 ## - DEWEY DECIMAL CLASSIFICATION NUMBER | |
| Classification number | 574 |
| 100 ## - MAIN ENTRY--PERSONAL NAME | |
| Personal name | Lakhmir Singh |
| 245 ## - TITLE STATEMENT | |
| Title | S. Chand's Lakhmir Singh's Biology; |
| Remainder of title | Asper 2027 Syllabus for ICSE Class X / |
| Statement of responsibility, etc | Lakhmir Singh and Manjit Kaur |
| 260 ## - PUBLICATION, DISTRIBUTION, ETC. (IMPRINT) | |
| Place of publication, distribution, etc | U.P. |
| Name of publisher, distributor, etc | S. Chand's |
| Date of publication, distribution, etc | 2025 |
| 270 ## - ADDRESS | |
| Address | U. P. |
| 300 ## - PHYSICAL DESCRIPTION | |
| Extent | 346 p. |
| Dimensions | 25cm (Pb) |
| 700 ## - ADDED ENTRY--PERSONAL NAME | |
| Personal name | Kaur, Manjit |
| 9 (RLIN) | 74251 |
| 942 ## - ADDED ENTRY ELEMENTS (KOHA) | |
| Institution code [OBSOLETE] | dpl |
| Item type | Children Books |
| Source of classification or shelving scheme | Dewey Decimal Classification |
| Classification part | 574 |
| Call number suffix | LAK |
No items available.
